Gumanizm i christianstvo v russkoj literature XIX veka
Zsfassung in engl. Sprache
| Main Author: | |
|---|---|
| Format: | Print Book |
| Language: | Russian English |
| Subito Delivery Service: | Order now. |
| Check availability: | HBZ Gateway |
| WorldCat: | WorldCat |
| Interlibrary Loan: | Interlibrary Loan for the Fachinformationsdienste (Specialized Information Services in Germany) |
| Published: |
Minsk
Evropejskij Gumanitarnyj Univ.
2001
|
| In: | Year: 2001 |
| Edition: | 2. izd., dopoln. |
| Standardized Subjects / Keyword chains: | B
Russian language
/ Literature
/ Humanism (motif)
/ History 1800-1900
B Russian language / Literature / Christianity / History 1800-1900 B Russian language / Literature / Humanism (motif) / Christianity / History 1800-1900 |
| Further subjects: | B
Russian Literature
History and criticism
19th century
B Christianity and literature Russia |
MARC
| LEADER | 00000cam a2200000 c 4500 | ||
|---|---|---|---|
| 001 | 352180706 | ||
| 003 | DE-627 | ||
| 005 | 20251223201320.0 | ||
| 007 | tu | ||
| 008 | 020805s2001 bw ||||| 00| ||rus c | ||
| 020 | |a 9856614465 |9 985-6614-46-5 | ||
| 035 | |a (DE-627)352180706 | ||
| 035 | |a (DE-576)11264970X | ||
| 035 | |a (DE-599)GBV352180706 | ||
| 035 | |a (OCoLC)163200668 | ||
| 035 | |a (DE-604)BV017480769 | ||
| 040 | |a DE-627 |b ger |c DE-627 |e rakwb | ||
| 041 | |a rus |a eng | ||
| 044 | |c XA-BY | ||
| 050 | 0 | |a PG3015.5.R45 | |
| 082 | 0 | |a 200.9 |q DE-604 |2 22/ger | |
| 082 | 0 | |a 306.09 |q DE-604 |2 22/ger | |
| 082 | 0 | |a 809 |q DE-604 |2 22/ger | |
| 084 | |a 7,39 |2 ssgn | ||
| 084 | |a 1 |2 ssgn | ||
| 084 | |a 18.53 |2 bkl | ||
| 084 | |a 17.93 |2 bkl | ||
| 100 | 1 | |0 (DE-588)1158580711 |0 (DE-627)1022158880 |0 (DE-576)504232487 |4 aut |a Zvoznikov, Aleksandr A. | |
| 109 | |a Zvoznikov, Aleksandr A. |a Zvoznikov, Aleksandr Andreevich |a Zvoznikov, Aleksandr Andreevič | ||
| 245 | 1 | 0 | |a Gumanizm i christianstvo v russkoj literature XIX veka |c A. A. Zvoznikov |
| 250 | |a 2. izd., dopoln. | ||
| 264 | 1 | |a Minsk |b Evropejskij Gumanitarnyj Univ. |c 2001 | |
| 300 | |a 209 S |c 21 cm | ||
| 336 | |a Text |b txt |2 rdacontent | ||
| 337 | |a ohne Hilfsmittel zu benutzen |b n |2 rdamedia | ||
| 338 | |a Band |b nc |2 rdacarrier | ||
| 500 | |a Includes bibliographical references (p. 199-[208]) | ||
| 520 | |a Zsfassung in engl. Sprache | ||
| 546 | |a In kyrill. Schr., russ. | ||
| 583 | 1 | |a Archivierung prüfen |c 20200919 |f DE-640 |z 1 |2 pdager | |
| 650 | 0 | |a Russian Literature |x History and criticism |x 19th century | |
| 650 | 0 | |a Christianity and literature |x Russia | |
| 689 | 0 | 0 | |d s |0 (DE-588)4051038-4 |0 (DE-627)104253231 |0 (DE-576)209090987 |2 gnd |a Russisch |
| 689 | 0 | 1 | |d s |0 (DE-588)4035964-5 |0 (DE-627)106245015 |0 (DE-576)209015608 |2 gnd |a Literatur |
| 689 | 0 | 2 | |d s |0 (DE-588)4026140-2 |0 (DE-627)104483946 |0 (DE-576)208965130 |2 gnd |a Humanismus |
| 689 | 0 | 3 | |q z |2 gnd |a Geschichte 1800-1900 |
| 689 | 0 | |5 DE-101 | |
| 689 | 1 | 0 | |d s |0 (DE-588)4051038-4 |0 (DE-627)104253231 |0 (DE-576)209090987 |2 gnd |a Russisch |
| 689 | 1 | 1 | |d s |0 (DE-588)4035964-5 |0 (DE-627)106245015 |0 (DE-576)209015608 |2 gnd |a Literatur |
| 689 | 1 | 2 | |d s |0 (DE-588)4010074-1 |0 (DE-627)104493933 |0 (DE-576)20888579X |2 gnd |a Christentum |
| 689 | 1 | 3 | |q z |2 gnd |a Geschichte 1800-1900 |
| 689 | 1 | |5 DE-101 | |
| 689 | 2 | 0 | |d s |0 (DE-588)4051038-4 |0 (DE-627)104253231 |0 (DE-576)209090987 |2 gnd |a Russisch |
| 689 | 2 | 1 | |d s |0 (DE-588)4035964-5 |0 (DE-627)106245015 |0 (DE-576)209015608 |2 gnd |a Literatur |
| 689 | 2 | 2 | |d s |0 (DE-588)4026140-2 |0 (DE-627)104483946 |0 (DE-576)208965130 |2 gnd |a Humanismus |
| 689 | 2 | 3 | |d s |0 (DE-588)4010074-1 |0 (DE-627)104493933 |0 (DE-576)20888579X |2 gnd |a Christentum |
| 689 | 2 | 4 | |q z |2 gnd |a Geschichte 1800-1900 |
| 689 | 2 | |5 (DE-627) | |
| 935 | |a mteo | ||
| 936 | b | k | |a 18.53 |j Russische Literatur |0 (DE-627)106405055 |
| 936 | b | k | |a 17.93 |j Literarische Stoffe |j literarische Motive |j literarische Themen |0 (DE-627)106404490 |
| 951 | |a BO | ||
| ELC | |b 1 | ||
| LOK | |0 000 xxxxxcx a22 zn 4500 | ||
| LOK | |0 001 3723003591 | ||
| LOK | |0 003 DE-627 | ||
| LOK | |0 004 352180706 | ||
| LOK | |0 005 20200710090342 | ||
| LOK | |0 008 200710||||||||||||||||ger||||||| | ||
| LOK | |0 035 |a (DE-Tue135)BVBBV017480769 | ||
| LOK | |0 040 |a DE-Tue135 |c DE-627 |d DE-Tue135 | ||
| LOK | |0 092 |o n | ||
| LOK | |0 852 |a DE-Tue135 | ||
| LOK | |0 852 1 |9 00 | ||
| LOK | |0 935 |a bsbo | ||
| LOK | |0 939 |a 10-07-20 |b l01 | ||
| ORI | |a SA-MARC-ixtheoa001.raw | ||
| REF | |a Literaturgeschichte,Russische Literatur,Russischsprachige Literatur | ||
| REL | |a 1 | ||
| STA | 0 | 0 | |a Christianity,Christian world view,World view,Christian ideology,Humanism (motif),Humanism,Literature,Literature,Belles-lettres,Russian language |
| STB | 0 | 0 | |a Christianisme,Christianisme,Humanisme (motif),Humanisme,Littérature,Littérature,Russe |
| STC | 0 | 0 | |a Cristianismo,Cristianismo,Cristiandad,Cristiandad,Cristiandad (Motivo),Cristiandad,Humanismo,Literatura,Literatura,Ruso |
| STD | 0 | 0 | |a Cristianesimo,Cristianesimo,Letteratura,Letteratura,Russo,Umanesimo |
| STE | 0 | 0 | |a 人文主义,人道主义,人本主义,基督教,基督教,基督教世界观,文学 |
| STF | 0 | 0 | |a 人文主義,人道主義,人本主義,俄语会话手册,基督教,基督教,基督教世界觀,文學 |
| STG | 0 | 0 | |a Cristianismo,Cristianismo,Cristandade,Cristandade,Cristandade (Motivo),Cristandade,Humanismo,Literatura,Literatura,Russo |
| STH | 0 | 0 | |a Гуманизм,Литература (мотив),Литература,Русский (язык),Христианство (мотив),Христианство |
| STI | 0 | 0 | |a Ανθρωπισμός,Ουμανισμός,Λογοτεχνία (μοτιβο),Λογοτεχνία,Ρωσικά,Ρωσική γλώσσα,Χριστιανισμός (μοτίβο),Χριστιανισμός |
| SUB | |a REL | ||
| SYG | 0 | 0 | |a Großrussisch,Russische Sprache , Belletristik,Dichtung,Literarisches Kunstwerk,Schöne Literatur,Sprachkunst,Sprachliches Kunstwerk,Wortkunst,Belletristik,Dichtung,Schöne Literatur,Sprachkunst,Wortkunst , Frühhumanismus,Späthumanismus , Großrussisch,Russische Sprache , Belletristik,Dichtung,Literarisches Kunstwerk,Schöne Literatur,Sprachkunst,Sprachliches Kunstwerk,Wortkunst,Belletristik,Dichtung,Schöne Literatur,Sprachkunst,Wortkunst , Christianity,Christliche Mission,Missionierung,Christenheit,Christianitas,Christliche Religion,Christliche Weltanschauung , Großrussisch,Russische Sprache , Belletristik,Dichtung,Literarisches Kunstwerk,Schöne Literatur,Sprachkunst,Sprachliches Kunstwerk,Wortkunst,Belletristik,Dichtung,Schöne Literatur,Sprachkunst,Wortkunst , Frühhumanismus,Späthumanismus , Christianity,Christliche Mission,Missionierung,Christenheit,Christianitas,Christliche Religion,Christliche Weltanschauung |
| TIM | |a 100018000101_100019001231 |b Geschichte 1800-1900 | ||



